Statistics for NoPixel 3.0 - All Ever Mandem Members/Associates

Click here to take the quiz!

General Stats

  • This quiz has been taken 1,254 times
    (103 since last reset)
  • The average score is 16 of 29

Answer Stats

MDM% Correct
Tommy Tate
99%
Sparky Kane
86%
Patar Bellosh
81%
Moses Khan
79%
Adam Ababwa
78%
Dwayne Flores
74%
Matthew Antov
72%
Eli Porter
71%
Lana Valentine
71%
Dean Quincy
67%
Jay Martin
67%
Vince Watson
64%
Tommy Cruizer
63%
Randy Bullet
60%
Saint Gomez
57%
Ved Jiggyjoglue
57%
Claire Seducer
51%
Winston Bolt
50%
P Money
47%
Lyon Martinez
46%
Alan Kyles
42%
Shankeal O'Neal
40%
Leon Johnson
36%
Stacey Doyle
36%
Reginald Watson
31%
Ali Ababwa
28%
Jaylen Carter
26%
Remy Brown
25%
Abdul AlRahim
21%

Score Distribution

Percentile by Number Answered

Percent of People with Each Score

Your Score History

You have not taken this quiz since the last reset